Job satisfaction in a trading organisation /
Saved in:
| Main Author: | |
|---|---|
| Format: | Thesis Book |
| Language: | English |
| Published: |
1994.
|
| Subjects: | |
| Tags: |
Add Tag
No Tags, Be the first to tag this record!
|
| LEADER | 01137cam a2200289 a 4500 | ||
|---|---|---|---|
| 001 | u357886 | ||
| 003 | SIRSI | ||
| 008 | 940809s1994 my a t 00 1 eng m | ||
| 035 | |a ABT-6381 | ||
| 040 | |a UMM |d UME | ||
| 043 | |a a-my--- | ||
| 090 | |a HF5549.5 |b J63Won | ||
| 091 | |a Microfiche 12573. | ||
| 099 | |a 658.314 22 |b Won | ||
| 100 | 1 | 0 | |a Wong, Kin Chai. |
| 245 | 1 | 0 | |a Job satisfaction in a trading organisation / |c by Wong Kin Chai. |
| 260 | |c 1994. | ||
| 300 | |a iv, 77 leaves : |b ill., [append.] ; |c 29 cm. | ||
| 500 | |a Also available on microfiche. Kuala Lumpur : Perpustakaan Universiti Malaya, 1996. 1 fiche : negative ; 10x15 cm. | ||
| 502 | |a Dissertation (M.B.A.) -- Fakulti Ekonomi dan Pentadbiran, Universiti Malaya, 1994. | ||
| 504 | |a Bibliography: leaves 56-58. | ||
| 650 | 0 | |a Job satisfaction |z Malaysia. | |
| 710 | 2 | 0 | |a Universiti Malaya. |b Fakulti Ekonomi dan Pentadbiran. |
| 948 | |a 24/08/1994 |b 26/07/2002 | ||
| 596 | |a 1 9 | ||
| 999 | |a HF5549.5 J63WON |w LC |c 1 |i A504576043 |d 7/3/2002 |l STACKS |m P01UTAMA |n 28 |r Y |s Y |t TESIS |u 24/8/1994 | ||
| 999 | |a TESIS 658.314 22 WON |w LC |c 1 |i A506301059 |l DISCARD |m P09EKONOMI |r Y |s Y |t TESIS |u 13/10/1997 | ||
